01231nam a22002297a 450000500170000000800410001702000180005804000070007604100080008308200250009110000220011624500400013825000120017826000300019030000270022036500630024752004540031065000500076494200120081499900190082695201560084520230313161406.0230310b ||||| |||| 00| 0 eng d a9781138036192 cAL aeng 223a660.284298bMERC aMersmann A975006 aCrystallization technology handbook a2nd ed. aNew YorkbCRC Pressc2023 axiv,83p.bHBc23x15cm. 2Generala8204b₹4676.00c₹d₹5995.00e22%f3-03-2023 aThis handbook facilitates the selection, design and operation of large-scale industrial crystallizers that process crystals with the proper size distribution, shape and purity sought - including cooling, evaporation, drowning-out reaction, melt, and related crystallization techniques. This new edition offers new results on direct-contact cooling crystallization. It lists the properties of over 170 organic and inorganic crystallization systems.  2TechnologyaCrystallization Technology975007 2ddccBK c226984d226984 00102ddc40708PHYaSACPGbSACPGd2023-03-08eBiblios Book Pointg4676.00l0o660.284298 MERCpPG024262r2023-03-10 00:00:00v5995.00w2023-03-10yBK